000 00258nam a2200109Ia 4500
008 190216s9999||||xx |||||||||||||| ||und||
100 _aDewett K K
245 0 _aMacro Economic Theory
260 _bShyamlal Charitable Trust
650 _aEconomics
942 _cBK
999 _c9180
_d9180